000 00776nam a22002537a 4500
005 20250519153440.0
008 250519b |||||||| |||| 00| 0 eng d
037 _cTB
040 _aLCT
_cLCT
_dLCT
041 _2eng
_aeng
_heng
084 _aZ,7, 15 Q16
100 _aKelkar, R V
_9784428
245 _aCriminal Procedure/
250 _a6th ed.
260 _aLucknow, India:
_b Eastern Book Company(EBC),
_c2016(rp)
300 _acxxvii, 940p.
650 _a Criminal Courts
_9784429
650 _a Criminal Law (Amendment) Act, 2018
_9784430
650 _aCriminal Procedure
_9784431
650 _aCriminal Cases
_9784432
650 _aOffences
_9784433
650 _aPre-trial Proceedings
_9784434
942 _2CC
_cTB
_hZ,7, 15 Q16
_n0
999 _c1428825
_d1428825